| 000 | 01317nac a22002531u 4500 | ||
|---|---|---|---|
| 999 |
_c5512 _d5512 |
||
| 003 | EG-ScBUE | ||
| 005 | 20200118124235.0 | ||
| 008 | 100824s1959 ua a f b 000 00Aara d | ||
| 040 |
_aEG-ScBUE _bara _erda _cEG-ScBUE _dEG-ScBUE |
||
| 043 | _aa-sy--- | ||
| 082 | 0 | 4 |
_a892.783409 _bج ن د _222 |
| 100 | 1 |
_aجندي، علي، _eمؤلف. _915075 |
|
| 245 | 1 | 0 |
_aخمسة أيام في دمشق الفيحاء / _cتأليف علي الجندي، أستاذ قسم الدراسات البلاغية وعميد كلية دار العلوم بجامعة القاهرة سابقا وعضو لجنة الشعر بالمجلس الأعلى لرعاية الفنون والآداب والعلوم الاجتماعية ووكيل جمعية الشعراء بالإقليم الجنوبي. |
| 264 | 1 |
_aالقاهرة : _bمكتبة نهضة مصر، _c1959. |
|
| 300 |
_a278 صفحة : _bصور ؛ _c24 سم |
||
| 336 |
_2rdacontent _aنص _btxt |
||
| 337 |
_2rdamedia _aبدون وسيط _bn |
||
| 338 |
_2rdacarrier _aمجلد _bnc |
||
| 504 | _aيشتمل علي إرجاعات ببليوجرافية. | ||
| 650 | 7 |
_aالشعر العربي _zدمشق _zسوريا _xتاريخ ونقد _yالعصر الحديث. _2BUEsh _922400 |
|
| 653 |
_bARALIT _cJanuary2020 |
||
| 655 | _vReading book | ||
| 942 |
_cBB _k892.783409 ج ن د _2ddc |
||